Govt. of
Madhya Pradesh

रामायण और महाभारत काल की युद्ध कला (Record no. 68475)

MARC details
000 -LEADER
fixed length control field 00404nam a22001097a 4500
082 ## - DEWEY DECIMAL CLASSIFICATION NUMBER
Classification number 200
100 ## - MAIN ENTRY--AUTHOR NAME
Personal name सिंह इंद्रजीत
245 ## - TITLE STATEMENT
Title रामायण और महाभारत काल की युद्ध कला
260 ## - PUBLICATION, DISTRIBUTION, ETC. (IMPRINT)
Place of publication नयी दिल्‍ली
Name of publisher हरबंस लाल एण्‍ड संस
Year of publication 2025
650 ## - SUBJECT ADDED ENTRY--TOPICAL TERM
Topical Term धर्म
942 ## - ADDED ENTRY ELEMENTS (KOHA)
Koha item type Hindi Books
Holdings
Withdrawn status Lost status Damaged status Not for loan Home library Current library Date acquired Cost, normal purchase price Full call number Accession Number Price effective from Koha item type
        MACL MACL 19/12/2025 495.00 200 CRH038931 19/12/2025 Hindi Books